[Event "CZE Extraliga 2019-20"]
[Site "Czech Republic"]
[Date "2019.10.13"]
[Round "2.7"]
[White "Hollan, Petr"]
[Black "Rosko, Lubos"]
[Result "1-0"]
[WhiteElo "2301"]
[BlackElo "2317"]
[Annotator "NA"]
[PlyCount "143"]
[EventDate "2019.09.15"]
[EventType "team-tourn"]
[EventCountry "CZE"]
[SourceTitle "playchess.com"]
[Source "ChessBase"]
[SourceQuality "1"]
[WhiteTeam "Slavia Kromerí\[#\] "]
[BlackTeam "GASCO Pardubice"]
[TimeControl "40/5400+30:1800+30"]

1. e4 {[%emt 0:00:00]} c5 {[%emt 0:00:00]} 2. Nf3 {[%emt 0:00:23]} d6 {[%emt 0:00:00]} 3. d4 {[%emt 0:00:06]} cxd4 {[%emt 0:00:02]} 4. Nxd4 {[%emt 0:00:06]} Nf6 {[%emt 0:00:11]} 5. Nc3 {[%emt 0:00:05]} a6 {[%emt 0:00:06]} 6. Bg5 {[%emt 0:00:06]} e6 {[%emt 0:00:11]} 7. f4 {[%emt 0:02:18]} Qb6 {[%emt 0:00:25]} 8. Qd2 {[%emt 0:00:11]} Nc6 {[%emt 0:00:21]} 9. Bxf6 {[%emt 0:11:39]} gxf6 {[%emt 0:00:09]} 10. Nb3 {[%emt 0:00:19]} Bd7 {[%emt 0:00:28]} 11. O-O-O {[%emt 0:01:39]} O-O-O {[%emt 0:00:24]} 12. Kb1 {[%emt 0:04:11]} Rg8 {[%emt 0:10:29]} 13. g3 {[%emt 0:06:31]} h5 {[%emt 0:18:25]} 14. Bh3 {[%emt 0:11:00]} Kb8 {[%emt 0:03:14]} 15. Rhf1 {[%emt 0:21:27]} h4 {[%emt 0:06:40]} 16. gxh4 {[%emt 0:13:38]} Rh8 {[%emt 0:01:31]} 17. Qe1 {[%emt 0:01:45]} Be7 {[%emt 0:01:11]} 18. f5 {[%emt 0:02:27]} Ne5 {[%emt 0:19:29]} 19. Ne2 {[%emt 0:04:42]} d5 {[%emt 0:17:33]} 20. fxe6 {[%emt 0:00:44]} fxe6 {[%emt 0:01:43]} 21. exd5 {[%emt 0:01:01]} exd5 {[%emt 0:00:44]} 22. Bxd7 {[%emt 0:00:09]} Rxd7 {[%emt 0:00:25]} 23. Nf4 {[%emt 0:03:44]} d4 {[%emt 0:00:57]} 24. h5 {[%emt 0:00:13]} Bb4 {[%emt 0:06:31]} 25. Qg3 {[%emt 0:02:15]} Ka7 {[%emt 0:00:18]} 26. Nd3 {[%emt 0:05:16]} Rxh5 {[%emt 0:02:50]} 27. Nxb4 {[%emt 0:00:20]} Qxb4 {[%emt 0:00:07]} 28. Rxf6 {[%emt 0:00:32]} Nc6 {[%emt 0:00:41]} 29. Qf2 {[%emt 0:03:13]} Qb6 {[%emt 0:00:57]} 30. c3 {[%emt 0:00:56]} d3 {[%emt 0:01:21]} 31. Nc1 {[%emt 0:02:17]} Qxf2 {[%emt 0:00:48]} 32. Rxf2 {[%emt 0:00:02]} Ne5 {[%emt 0:00:45]} 33. b3 {[%emt 0:01:19]} Ng4 {[%emt 0:01:46]} 34. Rfd2 {[%emt 0:01:07]} Rxh2 {[%emt 0:01:59]} 35. Rxd3 {[%emt 0:01:15]} Rxd3 {[%emt 0:00:22]} 36. Rxd3 {[%emt 0:00:31]} Ne5 {[%emt 0:00:50]} 37. Re3 {[%emt 0:00:18]} Ng4 {[%emt 0:00:59]} 38. Re4 {[%emt 0:00:40]} Rg2 {[%emt 0:00:06]} 39. Re7 {[%emt 0:00:30]} Nf6 {[%emt 0:00:38]} 40. c4 {[%emt 0:00:29]} Rd2 {[%emt 0:03:40]} 41. Ne2 {[%emt 0:04:15]} Rd7 {[%emt 0:11:18]} 42. Re6 {[%emt 0:00:51]} Ng8 {[%emt 0:00:04]} 43. Nc3 {[%emt 0:00:30]} Ne7 {[%emt 0:00:14]} 44. Kc1 {[%emt 0:01:24]} Nc6 {[%emt 0:00:49]} 45. Re2 {[%emt 0:01:28]} Re7 {[%emt 0:00:21]} 46. Rd2 {[%emt 0:00:53]} Rh7 {[%emt 0:01:11]} 47. Kb2 {[%emt 0:00:28]} Rg7 {[%emt 0:00:23]} 48. Ne4 {[%emt 0:03:43]} Re7 {[%emt 0:01:18]} 49. Nd6 {[%emt 0:00:44]} Rh7 {[%emt 0:01:00]} 50. a3 {[%emt 0:00:37]} Kb8 {[%emt 0:06:44]} 51. b4 {[%emt 0:03:21]} Kc7 {[%emt 0:02:44]} 52. c5 {[%emt 0:06:29]} b6 {[%emt 0:02:16]} 53. Ne8+ {[%emt 0:01:43]} Kb7 {[%emt 0:00:11]} 54. Nf6 {[%emt 0:01:08]} Rf7 {[%emt 0:00:38]} 55. Ne4 {[%emt 0:00:25]} Re7 {[%emt 0:01:26]} 56. Nd6+ {[%emt 0:00:14]} Kb8 {[%emt 0:03:24]} 57. cxb6 {[%emt 0:00:13]} Rd7 {[%emt 0:00:16]} 58. Kc3 {[%emt 0:01:31]} a5 {[%emt 0:03:10]} 59. b5 {[%emt 0:01:49]} Nd8 {[%emt 0:00:22]} 60. a4 {[%emt 0:03:28]} Nb7 {[%emt 0:00:27]} 61. Nxb7 {[%emt 0:00:38]} Rxd2 {[%emt 0:00:16]} 62. Kxd2 {[%emt 0:00:05]} Kxb7 {[%emt 0:00:02]} 63. Kc3 {[%emt 0:00:13]} Kxb6 {[%emt 0:00:04]} 64. Kd4 {[%emt 0:00:04]} Kc7 {[%emt 0:00:55]} 65. Kc5 {[%emt 0:01:00]} Kb7 {[%emt 0:00:04]} 66. Kd6 {[%emt 0:00:11]} Kb6 {[%emt 0:00:09]} 67. Kd5 {[%emt 0:01:50]} Kc7 {[%emt 0:00:11]} 68. Ke6 {[%emt 0:00:51]} Kb7 {[%emt 0:01:08]} 69. Kd7 {[%emt 0:00:48]} Kb6 {[%emt 0:00:25]} 70. Kc8 {[%emt 0:00:06]} Ka7 {[%emt 0:00:29]} 71. Kc7 {[%emt 0:00:05]} Ka8 {[%emt 0:00:03]} 72. Kb6 {[%emt 0:00:08]} 1-0

[Event "CZE Extraliga 2019-20"]
[Site "Czech Republic"]
[Date "2019.10.13"]
[Round "2.8"]
[White "Skliba, Martin"]
[Black "Kulhanek, Tomas"]
[Result "0-1"]
[WhiteElo "2306"]
[BlackElo "2343"]
[Annotator "NA"]
[PlyCount "50"]
[EventDate "2019.09.15"]
[EventType "team-tourn"]
[EventCountry "CZE"]
[SourceTitle "playchess.com"]
[Source "ChessBase"]
[SourceQuality "1"]
[WhiteTeam "ŠK Duras BVK"]
[BlackTeam "ŠK Dopravní podnik Praha "]
[TimeControl "40/5400+30:1800+30"]

1. d4 {[%emt 0:00:00]} e6 {[%emt 0:00:00]} 2. c4 {[%emt 0:00:00]} Nf6 {[%emt 0:00:00]} 3. Nc3 {[%emt 0:00:00]} Bb4 {[%emt 0:00:00]} 4. e3 {[%emt 0:00:08]} O-O {[%emt 0:00:06]} 5. Bd2 {[%emt 0:00:35]} d5 {[%emt 0:04:19]} 6. Nf3 {[%emt 0:00:52]} a6 {[%emt 0:07:18]} 7. a3 {[%emt 0:08:55]} Be7 {[%emt 0:00:28]} 8. cxd5 {[%emt 0:13:36]} exd5 {[%emt 0:01:29]} 9. Bd3 {[%emt 0:00:28]} c5 {[%emt 0:06:02]} 10. dxc5 {[%emt 0:13:26]} Bxc5 {[%emt 0:00:09]} 11. Ne2 {[%emt 0:08:40]} Nc6 {[%emt 0:01:23]} 12. Qc2 {[%emt 0:02:08]} Bb6 {[%emt 0:02:30]} 13. Bc3 {[%emt 0:01:46]} Bg4 {[%emt 0:01:13]} 14. Rd1 {[%emt 0:12:18]} Re8 {[%emt 0:12:21]} 15. Bf5 {[%emt 0:11:01]} Bxf3 {[%emt 0:03:13]} 16. gxf3 {[%emt 0:00:16]} d4 {[%emt 0:09:42]} 17. O-O {[%emt 0:07:01]} Ne5 {[%emt 0:03:08]} 18. Nxd4 {[%emt 0:09:48]} Bxd4 {[%emt 0:00:16]} 19. Bxd4 {[%emt 0:00:05]} Nxf3+ {[%emt 0:00:06]} 20. Kg2 {[%emt 0:00:33]} Qd5 {[%emt 0:04:39]} 21. Kg3 {[%emt 0:07:15]} Nh5+ {[%emt 0:06:32]} 22. Kh3 {[%emt 0:00:13]} Nxd4 {[%emt 0:14:52]} 23. Rxd4 {[%emt 0:01:25]} Qf3+ {[%emt 0:00:53]} 24. Kh4 {[%emt 0:00:05]} h6 {[%emt 0:05:11]} 25. Bg4 {[%emt 0:01:17]} Qg2 {[%emt 0:00:24]} 0-1

[Event "CZE Extraliga 2019-20"]
[Site "Czech Republic"]
[Date "2019.10.13"]
[Round "2.8"]
[White "Ludvik, Tomas"]
[Black "Mudrak, Josef"]
[Result "0-1"]
[WhiteElo "2305"]
[BlackElo "2221"]
[Annotator "NA"]
[PlyCount "118"]
[EventDate "2019.09.15"]
[EventType "team-tourn"]
[EventCountry "CZE"]
[SourceTitle "playchess.com"]
[Source "ChessBase"]
[SourceQuality "1"]
[WhiteTeam "GASCO Pardubice"]
[BlackTeam "Slavia Kromerí\[#\] "]
[TimeControl "40/5400+30:1800+30"]

1. d4 {[%emt 0:00:00]} Nf6 {[%emt 0:00:00]} 2. c4 {[%emt 0:00:00]} g6 {[%emt 0:00:00]} 3. Nc3 {[%emt 0:00:00]} Bg7 {[%emt 0:00:00]} 4. e4 {[%emt 0:00:01]} d6 {[%emt 0:00:08]} 5. Nf3 {[%emt 0:00:12]} O-O {[%emt 0:00:22]} 6. Be2 {[%emt 0:00:07]} e5 {[%emt 0:00:36]} 7. O-O {[%emt 0:00:10]} Nc6 {[%emt 0:01:33]} 8. d5 {[%emt 0:01:23]} Ne7 {[%emt 0:00:15]} 9. b4 {[%emt 0:00:27]} a5 {[%emt 0:00:41]} 10. Ba3 {[%emt 0:00:39]} axb4 {[%emt 0:07:12]} 11. Bxb4 {[%emt 0:00:06]} Nd7 {[%emt 0:00:26]} 12. a4 {[%emt 0:04:08]} Nc5 {[%emt 0:01:52]} 13. Ne1 {[%emt 0:17:10]} f5 {[%emt 0:04:57]} 14. Bxc5 {[%emt 0:01:22]} dxc5 {[%emt 0:00:08]} 15. Nd3 {[%emt 0:00:44]} Ra5 {[%emt 0:00:40]} 16. Bf3 {[%emt 0:10:38]} b6 {[%emt 0:01:47]} 17. Re1 {[%emt 0:03:23]} fxe4 {[%emt 0:11:47]} 18. Nxe4 {[%emt 0:02:15]} Nf5 {[%emt 0:01:48]} 19. Bg4 {[%emt 0:03:59]} Bd7 {[%emt 0:01:10]} 20. Ra3 {[%emt 0:03:06]} c6 {[%emt 0:08:15]} 21. Nc3 {[%emt 0:04:03]} Re8 {[%emt 0:07:36]} 22. Bf3 {[%emt 0:05:31]} Nd4 {[%emt 0:06:59]} 23. dxc6 {[%emt 0:01:30]} Bxc6 {[%emt 0:00:07]} 24. Bxc6 {[%emt 0:02:49]} Nxc6 {[%emt 0:01:34]} 25. Nd5 {[%emt 0:06:05]} Nd4 {[%emt 0:22:52]} 26. Qd2 {[%emt 0:11:26]} e4 {[%emt 0:03:39]} 27. N3f4 {[%emt 0:03:01]} Nf5 {[%emt 0:01:20]} 28. Qc2 {[%emt 0:03:23]} b5 {[%emt 0:01:52]} 29. Rxe4 {[%emt 0:04:03]} b4 {[%emt 0:00:35]} 30. Rh3 {[%emt 0:03:37]} Rxa4 {[%emt 0:03:07]} 31. g4 {[%emt 0:02:42]} Ra1+ {[%emt 0:01:53]} 32. Kg2 {[%emt 0:00:01]} Nd4 {[%emt 0:00:37]} 33. Rxd4 {[%emt 0:02:11]} Bxd4 {[%emt 0:02:44]} 34. Nxg6 {[%emt 0:02:37]} Ra7 {[%emt 0:00:45]} 35. Nh4 {[%emt 0:01:39]} b3 {[%emt 0:02:21]} 36. Qxb3 {[%emt 0:01:56]} Re2 {[%emt 0:00:29]} 37. Nf5 {[%emt 0:00:40]} Rxf2+ {[%emt 0:01:04]} 38. Kg3 {[%emt 0:00:00]} Rb2 {[%emt 0:02:36]} 39. Qd3 {[%emt 0:00:49]} Be5+ {[%emt 0:01:51]} 40. Kf3 {[%emt 0:00:12]} Qa8 {[%emt 0:01:34]} 41. Qe4 {[%emt 0:04:25]} Ra3+ {[%emt 0:03:46]} 42. Nfe3 {[%emt 0:03:34]} Qf8+ {[%emt 0:04:39]} 43. Qf5 {[%emt 0:00:11]} Qxf5+ {[%emt 0:02:02]} 44. gxf5 {[%emt 0:00:01]} Rxh2 {[%emt 0:00:28]} 45. Rxh2 {[%emt 0:00:48]} Bxh2 {[%emt 0:00:05]} 46. Ke4 {[%emt 0:03:31]} Kf7 {[%emt 0:03:12]} 47. f6 {[%emt 0:05:57]} Ke6 {[%emt 0:01:58]} 48. Nf5 {[%emt 0:01:57]} Ra4 {[%emt 0:03:51]} 49. Ng7+ {[%emt 0:02:25]} Kf7 {[%emt 0:00:08]} 50. Kf5 {[%emt 0:00:39]} Ra1 {[%emt 0:02:37]} 51. Nh5 {[%emt 0:03:55]} Bd6 {[%emt 0:01:55]} 52. Ng7 {[%emt 0:02:08]} Rf1+ {[%emt 0:01:12]} 53. Ke4 {[%emt 0:01:27]} Re1+ {[%emt 0:01:06]} 54. Kf5 {[%emt 0:01:45]} Re5+ {[%emt 0:01:38]} 55. Kg4 {[%emt 0:00:15]} Kg6 {[%emt 0:01:10]} 56. Nf4+ {[%emt 0:04:17]} Kxf6 {[%emt 0:00:35]} 57. Ngh5+ {[%emt 0:00:12]} Kf7 {[%emt 0:00:25]} 58. Kf3 {[%emt 0:01:58]} Rf5 {[%emt 0:00:45]} 59. Ke4 {[%emt 0:00:05]} Rxf4+ {[%emt 0:00:17] Kd4} 0-1

[Event "CZE Extraliga 2019-20"]
[Site "Czech Republic"]
[Date "2019.10.13"]
[Round "2.8"]
[White "Liska, Jiri"]
[Black "Vesselovsky, Serguei"]
[Result "0-1"]
[WhiteElo "2302"]
[BlackElo "2306"]
[Annotator "NA"]
[PlyCount "102"]
[EventDate "2019.09.15"]
[EventType "team-tourn"]
[EventCountry "CZE"]
[SourceTitle "playchess.com"]
[Source "ChessBase"]
[SourceQuality "1"]
[WhiteTeam " ŠK Zikuda Turnov"]
[BlackTeam "BŠŠ Frýdek-Místek"]
[TimeControl "40/5400+30:1800+30"]

1. e4 {[%emt 0:00:00]} c5 {[%emt 0:00:09]} 2. Nf3 {[%emt 0:00:00]} d6 {[%emt 0:02:23]} 3. c3 {[%emt 0:00:44]} Nf6 {[%emt 0:00:41]} 4. Be2 {[%emt 0:00:24]} Bg4 {[%emt 0:01:28]} 5. h3 {[%emt 0:06:39]} Bh5 {[%emt 0:01:17]} 6. O-O {[%emt 0:07:44]} e6 {[%emt 0:00:36]} 7. Re1 {[%emt 0:03:00]} Be7 {[%emt 0:09:54]} 8. Qb3 {[%emt 0:07:03]} Qc7 {[%emt 0:04:12]} 9. d4 {[%emt 0:05:15]} O-O {[%emt 0:02:59]} 10. d5 {[%emt 0:05:32]} exd5 {[%emt 0:12:07]} 11. exd5 {[%emt 0:00:13]} Nbd7 {[%emt 0:02:55]} 12. Bf4 {[%emt 0:04:18]} Rfe8 {[%emt 0:03:37]} 13. Nbd2 {[%emt 0:02:05]} Bf8 {[%emt 0:04:49]} 14. Nf1 {[%emt 0:13:09]} Nb6 {[%emt 0:12:22]} 15. Ne3 {[%emt 0:03:41]} Rac8 {[%emt 0:08:37]} 16. c4 {[%emt 0:05:19]} Bxf3 {[%emt 0:05:05]} 17. Bxf3 {[%emt 0:00:30]} g6 {[%emt 0:00:08]} 18. h4 {[%emt 0:12:59]} h5 {[%emt 0:07:51]} 19. Qc2 {[%emt 0:02:12]} Nbd7 {[%emt 0:00:41]} 20. Rad1 {[%emt 0:06:50]} Qa5 {[%emt 0:02:31]} 21. Be2 {[%emt 0:03:22]} Ne5 {[%emt 0:02:35]} 22. Bg3 {[%emt 0:00:35]} Bh6 {[%emt 0:00:57]} 23. f4 {[%emt 0:03:30]} Ned7 {[%emt 0:03:23]} 24. Bd3 {[%emt 0:00:39]} Qc7 {[%emt 0:03:25]} 25. Qf2 {[%emt 0:02:42]} Ne4 {[%emt 0:01:26]} 26. Bxe4 {[%emt 0:02:59]} Rxe4 {[%emt 0:00:02]} 27. Qf3 {[%emt 0:00:58]} Rce8 {[%emt 0:00:57]} 28. Nc2 {[%emt 0:00:20]} f5 {[%emt 0:00:49]} 29. Rxe4 {[%emt 0:01:10]} Rxe4 {[%emt 0:00:16]} 30. Re1 {[%emt 0:00:21]} Nf6 {[%emt 0:00:25]} 31. Rxe4 {[%emt 0:00:29]} Nxe4 {[%emt 0:00:12]} 32. Be1 {[%emt 0:00:31]} Qg7 {[%emt 0:02:43]} 33. Bc3 {[%emt 0:00:41]} Nxc3 {[%emt 0:01:19]} 34. bxc3 {[%emt 0:00:14]} Qf6 {[%emt 0:01:59]} 35. g3 {[%emt 0:00:39]} Bg7 {[%emt 0:00:19]} 36. Na3 {[%emt 0:00:20]} a6 {[%emt 0:00:45]} 37. Nb1 {[%emt 0:00:11]} Qe7 {[%emt 0:01:45]} 38. Kf2 {[%emt 0:00:10]} Qc7 {[%emt 0:00:44]} 39. Qe2 {[%emt 0:00:43]} Bf6 {[%emt 0:00:35]} 40. Qe6+ {[%emt 0:01:12]} Kg7 {[%emt 0:00:12]} 41. Qe2 {[%emt 0:18:09]} Qa5 {[%emt 0:11:18]} 42. Kg2 {[%emt 0:06:01]} Qa4 {[%emt 0:03:23]} 43. Kf2 {[%emt 0:02:59]} b5 {[%emt 0:07:26]} 44. cxb5 {[%emt 0:00:33]} axb5 {[%emt 0:00:09]} 45. Kf3 {[%emt 0:01:18]} b4 {[%emt 0:02:58]} 46. cxb4 {[%emt 0:01:16]} Qxb4 {[%emt 0:01:37]} 47. Nd2 {[%emt 0:01:21]} Qd4 {[%emt 0:00:35]} 48. Kg2 {[%emt 0:01:48]} Qxd5+ {[%emt 0:00:09]} 49. Nf3 {[%emt 0:00:24]} c4 {[%emt 0:00:24]} 50. a4 {[%emt 0:01:00]} c3 {[%emt 0:01:00]} 51. Kh3 {[%emt 0:00:36]} c2 {[%emt 0:00:47]} 0-1

[Event "CZE Extraliga 2019-20"]
[Site "Czech Republic"]
[Date "2019.10.13"]
[Round "2.8"]
[White "SLA14 Svanda Ondrej FM"]
[Black "Kuba, Jindrich"]
[Result "1/2-1/2"]
[WhiteElo "2262"]
[BlackElo "2295"]
[Annotator "NA"]
[PlyCount "42"]
[EventDate "2019.09.15"]
[EventType "team-tourn"]
[EventCountry "CZE"]
[SourceTitle "playchess.com"]
[Source "ChessBase"]
[SourceQuality "1"]
[TimeControl "40/5400+30:1800+30"]

1. e4 {[%emt 0:00:00]} c5 {[%emt 0:00:00]} 2. Nf3 {[%emt 0:00:00]} e6 {[%emt 0:00:00]} 3. d4 {[%emt 0:00:00]} cxd4 {[%emt 0:00:00]} 4. Nxd4 {[%emt 0:00:00]} Nf6 {[%emt 0:00:00]} 5. Nc3 {[%emt 0:00:11]} d6 {[%emt 0:00:03]} 6. g4 {[%emt 0:06:26]} h6 {[%emt 0:00:06]} 7. Rg1 {[%emt 0:00:08]} Nc6 {[%emt 0:00:08]} 8. Be3 {[%emt 0:04:02]} d5 {[%emt 0:01:21]} 9. exd5 {[%emt 0:02:23]} Nxd5 {[%emt 0:01:32]} 10. Nxd5 {[%emt 0:01:57]} Qxd5 {[%emt 0:00:18]} 11. c3 {[%emt 0:12:37]} Nxd4 {[%emt 0:21:08]} 12. Qxd4 {[%emt 0:00:01]} Qxd4 {[%emt 0:05:05]} 13. Bxd4 {[%emt 0:00:02]} Bd7 {[%emt 0:00:43]} 14. Bg2 {[%emt 0:03:13]} Bc6 {[%emt 0:00:05]} 15. Bxc6+ {[%emt 0:00:07]} bxc6 {[%emt 0:00:00]} 16. O-O-O {[%emt 0:01:07]} c5 {[%emt 0:04:30]} 17. Be5 {[%emt 0:00:32]} Rd8 {[%emt 0:01:40]} 18. Rxd8+ {[%emt 0:02:37]} Kxd8 {[%emt 0:00:02]} 19. c4 {[%emt 0:01:02]} h5 {[%emt 0:05:43]} 20. h3 {[%emt 0:08:22]} hxg4 {[%emt 0:03:31]} 21. hxg4 {[%emt 0:00:01]} Rh3 {[%emt 0:01:38]} 1/2-1/2